1920 1964 1678 1140 1928 1891 1938 1576 1593 1024 1481 1164 1529 1249 1484 1506 1954 1483 1215 1489 1612 1394 1351 1383 1645 1734 1673 1134 1317 1519 1515 1204 1494 1098 1310 1851 1968 1470 1214 1263 1262 1987 1896 1137 1505 1013 1681 1487 1906 1883 1173 1137 1979 1459 1461 1052 1719 1659 1159 1827 1453 1684 1059 1307 1757 1180 1925 1070 1925 1095 1251 1110 1186 1584 1566 1010 1251 1152 1865 1275 1651 1551 1774 1478 1150 1084 1722 1371 1965 1254 1367 1550 1960 1930 1163 1445 1661 1389 1617 BCNSPRNW ULIB Ver.6.0+V

เปลี่ยนเป็นภาษาไทย

Change to English
 แสดงรายละเอียดบรรณานุกรม
  กลับหน้าหลัก

Brief Record : Get Marc (ISO 2709) : E-mail record : QR code < ปิดหน้าต่าง
LEADER : 00000nam 2200000uu 4500
001    13399122254
003     ULIB
008    110425s||||||||th 000 0 tha d
020    9786167322421
060 04 WK810^bน139ก
100 0  นงนุช โอบะ
245 00 การสร้างเสริมสุขภาพและป้องกันโรคเบาหวาน /^cนงนุช โอบะ
250    พิมพ์ครั้งที่ 1
260    พิษณุโลก :^bคณะพยาบาลศาสตร์ มหาวิทยาลัยนเรศวร,^c2555
300    236 หน้า
650  7 เบาหวาน, โรค
650  7 เบาหวาน, โรค^xการสร้างเสริม
710 2  มหาวิทยาลัยนเรศวร.^bคณะพยาบาลศาสตร์
945    ^p120^l0^i033404
995    ทศพร
999 ^a ใช้งานได้ทุกระบบ
รายการนี้ยังไม่มีแท็ก
คุณยังไม่ได้ล็อกอิน คุณสามารถมีกิจกรรมร่วมกับเว็บไซต์ได้ แต่ต้องล็อกอินก่อน ::
  ล็อกอิน

รายการสื่อสารสนเทศ

ลำดับที่ ประเภท เลขเรียก/บาร์โค้ด สถานที่ สถานะ
1. วิทยาศาสตร์การแพทย์ และสุขภาพ
วิทยาศาสตร์การแพทย์ และสุขภาพ
สถานะ=หนังสือเก่า
WK810 น139ก ฉ.1 
  Barcode: 033404
ห้องสมุดวิทยาเขตนครสวรรค์
►ส่วนจัดเก็บหนังสือเก่า นว.
บนชั้น
  ขอยืม

รายการใกล้เคียง
    ผู้แต่ง [นงนุช โอบะ]

    หัวเรื่อง [เบาหวาน, โรค]

BibComment


ยังไม่เคยถูกคอมเมนท์

คอมเมนท์ทรัพยากรรายการนี้
  คอมเมนท์: การสร้างเสริมสุขภ..


 Copyright 2026. Bcnsprnw @Library